Historia del derecho natural.

Na minha lista:
Detalhes bibliográficos
Autor principal: Carpintero Benítez, Francisco (autor)
Formato: Livro
Publicado em: Madrid, España: Colex, 2000.
Assuntos:
Tags: Adicionar Tag
Sem tags, seja o primeiro a adicionar uma tag!

MARC

LEADER 00000nam a22000007a 4500
003 CL-VaPUC
005 20220822114708.0
008 220722t2000 ||||| |||| 00| 0 eng d
999 |c 437435  |d 437433 
020 |a 84-7879-525-1 
040 |c Pontificia Universidad Católica de Valparaíso 
082 |a 340.112 CAR 2000 
100 |a Carpintero Benítez, Francisco   |e autor  |9 859033 
245 |a Historia del derecho natural. 
260 |a Madrid, España:   |b Colex,  |c 2000. 
300 |a 255 páginas  
500 |a c.1 Donación Familia Prof. Alejandro Guzmán Brito. 
583 |c 20201221  |k Catalogador Asistente 
650 0 |a Derecho natural   |x Historia   |9 255041 
852 |a BIBCUR 
852 |a BIBCUR 
942 |2 ddc  |c BK  |n 0 
952 |0 0  |1 0  |2 ddc  |4 0  |6 340_112000000000000_CAR_2000  |7 0  |8 C_AGB  |9 585202  |a BIBDER  |b BIBDER  |d 2022-07-22  |e Donación  |i 5653293  |o 340.112 CAR 2000  |p 5653293  |r 2023-01-25  |t 1  |w 2022-07-22  |y BK_US  |k AGB